हड़ताल / (Record no. 31805)

MARC details
000 -LEADER
fixed length control field 01454nam a22002777a 4500
005 - DATE AND TIME OF LATEST TRANSACTION
control field 20091114111517.0
008 - FIXED-LENGTH DATA ELEMENTS--GENERAL INFORMATION
fixed length control field 091114t xxu||||| |||| 00| d hin d
010 ## - LCCN (DPL NO)
LC control number HIN-88534
020 ## - INTERNATIONAL STANDARD BOOK NUMBER
Terms of availability 200.00
International Standard Book Number 9788186304891
035 ## - SYSTEM CONTROL NUMBER
System control number HN-60880
037 ## - SOURCE OF ACQUISITION
Source of stock number/acquisition DBAD / PUB
040 ## - CATALOGING SOURCE
Original cataloging agency DPL
Language of cataloging HN
082 ## - DEWEY DECIMAL CLASSIFICATION NUMBER
Classification number 822
100 ## - MAIN ENTRY--PERSONAL NAME
Personal name गाल्स्वर्दी, जॉन
245 ## - TITLE STATEMENT
Title हड़ताल /
Statement of responsibility, etc जॉन गाल्स्वर्दी; प्रेमचंद द्वारा अनुदित
246 ## - VARYING FORM OF TITLE
Title proper/short title Hardtal /
Remainder of title Translste by Premchand
260 ## - PUBLICATION, DISTRIBUTION, ETC. (IMPRINT)
Place of publication, distribution, etc दिल्ली
Name of publisher, distributor, etc भारत पुस्तक भण्डार
Date of publication, distribution, etc 2010
270 ## - ADDRESS
Address फेस ई 1/265ए, गली नं-16, सोनिया विहार
City दिल्ली
Postal code 110094
300 ## - PHYSICAL DESCRIPTION
Extent 136पृ
Dimensions 22सेमी (सजिल्द)
500 ## - GENERAL NOTE
General note (नोबेल पुरस्कार द्वारा सम्मानित साहित्यकार)
650 ## - SUBJECT ADDED ENTRY--TOPICAL TERM
Topical term or geographic name as entry element अंग्रेजी नाटक
General subdivision हिन्दी में अनुवाद
650 ## - SUBJECT ADDED ENTRY--TOPICAL TERM
Topical term or geographic name as entry element English drama
General subdivision Translations into Hindi
700 ## - ADDED ENTRY--PERSONAL NAME
Personal name प्रेमचंद
942 ## - ADDED ENTRY ELEMENTS (KOHA)
Source of classification or shelving scheme Dewey Decimal Classification
Item type Hindi Books
Classification part 822
Call number suffix गाल्स्वर्दी
Holdings
Withdrawn status Lost status Source of classification or shelving scheme Damaged status Not for loan Collection code Home library Current library Date acquired Source of acquisition Cost, normal purchase price Total Checkouts Full call number Barcode Date last seen Copy number Cost, replacement price Koha item type
    Dewey Decimal Classification   Not For Loan Non-fiction D.B.Act.Division D.B.Act.Division 14/11/2009 DBAD / PUB 200.00   822 गाल्स्वर्दी HN-60880 14/11/2009 1 200.00 Hindi Books

© Delhi Public Library
Hit Counter
free hit counter